MDQL
is popping MORE tags! Check the
thread
!
Quizzes
Events
Quiz Creation
Community
Videos
Private Events
Remove Ads
Sign In
Join for FREE
Feedback
Dark Mode
Quiz Categories
Sports
Geography
Music
Movies
Television
Just For Fun
Miscellaneous
History
Literature
Language
Science
Gaming
Entertainment
Religion
Holiday
For Kids
Quiz Lab
Recent
Popular Today
Quiz Kudos Today
Editor Picks
Curator Picks
Quizzes by...
Day
Popularity
Type
Ratings
Length
Year
Community
Subscriptions
Recent Discussions
Orange Saloon
Badges
Playlists
Quests
Create
Leaderboards
Showdown
Live 5
Trivia Bingo
Activity
Puzzle Library
Sporcle Events
Private Events
Virtual Trivia
Globe League
Become a Host
Pub Owners
SporcleCon
Opinionation
Our Games
Videos
Blog
Mobile Apps
Partnerships
Remove Ads and Go Orange
Feedback
Entertainment
Celebrity
Famous
Musical
Broadway
Show
Quote
Comic Books
Anime
Superhero
DC Comics
Marvel
Cartoons
Animation
Entertainment
Celebrity
Famous
Musical
Broadway
Show
Quote
Comic Books
Anime
Superhero
DC Comics
Marvel
Cartoons
Animation
Random Quiz
Search Sporcle
×
Quiz Lab
Quiz Lab
Entertainment
Broadway
Type in answers that appear in a list
Type in answers that appear in a list
Classic
Best Score? Go Orange.
Tough Broadway - Musicals by Songs Stats
Can you name the Musicals by Songs?
By
rbradatl
10m
15 Questions
2,892 Plays
2,892 Plays
2,892 Plays
Comments
Comments
Give Quiz Kudos
Give Quiz Kudos
-
- Ratings
hide this ad
More Info
Random Order
Randomize order of answers
Randomize order of answers
Replay
Link that replays current quiz
Next Quiz
Link to next quiz in quiz playlist
You Got
0%
They Got
Avg Score
41%
Avg Friend Score
Upgrade to see
Score Distribution
Jump to the score distribution portion of the page
Score
0/15
Timer
10:00
0
Plays Today
Numbers
Musical
% Correct
Follow your Heart, Run Freedom Run, I See a River
Urinetown
88.8%
Gun Song, Unworthy of Your Love, Another National Anthem
Assassins
72.1%
If I Were a Man, Paris Makes Me Horny, Almost a Love Song
Victor|Victoria
64.5%
There She Is, Barrett's Song, Still
Titanic
64.2%
You Must Meet my Wife, The Miller's Son, Every Day a Little Death
A Little Night Music
58.2%
Twenty Miles from Marietta, All the Wasted Time, The Old Red Hills of Home
Parade
51.3%
Open Your Heart, Unsuspecting Hearts, Out for Blood
Carrie
43.5%
Atlantic City, Goodbye My Love, Back to Before
Ragtime
41.7%
Numbers
Musical
% Correct
Tell Me on a Sunday, Take That Look Off Your Face, Unexpected Song
Song and Dance
36.4%
That's for Me, More than Just a Friend, Next Time it Happens
State Fair
29.9%
Politics and Poker, Gentleman Jimmy, Little Tin Box
Fiorello
22.6%
Marry Me Now, Without You, Give a Man Enough Rope
Will Rogers Follies
15.4%
Brand New World, The Sound of Love, In America
Rags
12.3%
Artificial Flowers, The Picture of Happiness, How the Money Changes Hands
Tenderloin
12%
Starting from the Bottom, Can This Be Love, That Thing I Can't Seem to Forget
Fine and Dandy
3.7%
Quiz Playlist
Details
Report
Send in Message
Add To Playlist
More Info:
Made easier by adding hints. Let me know if they should stay or go.
Classic:
Type in answers that appear in a list
Random Order:
Randomize order of answers
Last Updated: Feb 16, 2017
Quiz Scoreboard
CHALLENGE
Sign Up to Join the Scoreboard
Show All
Scores
Hide
Comments
May contain spoilers
Recently Published
Holiday 10x10 Sorting Gallery
by lukepisani3
Holiday
15m
Two Season TV Shows II
by 123Four
Television
10m
Image Sorting: Flags VI
by Barbecue
Geography
2m
More to Explore
Quiz From the Vault
Featured Blog Post
14 Easter Pick-up Lines to Find Eggs With
hide this ad
You Might Also Like...
Tags
Broadway Quiz
Musical Quiz
Song Quiz
Broadway Musicals
Broadway Shows
Today's Top Quizzes in Entertainment
Browse Entertainment
hide this ad
Today's Top Quizzes in Broadway
Browse Broadway
Top Contributed Quizzes in Entertainment
1
Marvel Classic Character Map
2
Movie-Themed Roller Coasters
3
Dragon Ball Z: Goku's Fights in Order
4
Marvel Characters Bunker
5
Sorting Pictures: Villains
6
Who stole Onew's chicken? (KPOP LOGIC QUIZ)
7
Haikyuu Logic Quiz
8
Celebrity Spelling Bee
9
JoJo's Bizarre Logic Quiz
10
Image Sorting: Anime
Explore More
Trending Topics
Harry Potter
Marvel
Crossword
Anime
Kpop
Disney
NBA
The Office
Puzzle
Country
Soccer
Song
NFL
Pokémon
WWE
hide this ad
More By:
rbradatl
Quiz
Plays
Rating
Category
Featured
Created
Common Presidential/Vice Presidential Names
36,525
4.23
History
Feb 19, 2013
Tough Broadway - Musicals by Songs
2,892
3.50
Entertainment
Dec 1, 2009
US States and Capitals Alphabetically
804
4.40
Geography
Apr 17, 2011
Similar Words - Different Meanings II
734
4.71
Language
Oct 25, 2023
Similar Words - Different Meanings I
583
4.80
Language
Oct 25, 2023
Go to Creator's Profile
Score Distribution
Quiz Creator Spotlight
rbradatl
Follow
Send a Message
Quizzes Created
-
Created Quiz Play Count
-
More By This Creator
Popular Quizzes Today
1
Find the US States - No Outlines Minefield
2
Colored Red Africa Blitz
3
Find the 'City' Movie
4
The Countries of the World
5
Find the US States
6
5x2 Blitz: Bands
7
Find the Countries of Europe - No Outlines Minefield
8
US States
More Entertainment Quizzes
Faces on TIME (2000s)
Published
Trending Quizzes
Colored Red Europe Blitz I
Colored Red Europe Blitz II
Colored Red Africa Blitz II
Colored Red Europe Blitz III
Colored Red Africa Blitz III
Recently Updated
Odd Team Out - Big 4 Players
pecheneg
Quick Pick: 20 Twenties
pecheneg
March Madness Men's Triple Doubles
pecheneg
How Do You Spell That?
pecheneg
Godzilla Movies
pecheneg
Grab Bag: 4-10 Letters
pecheneg
2024 March Madness Bracket
pecheneg
Famous TV Couples
Peacemaker
Champions League XIs: Real Madrid
pecheneg
Largest US Cities 1790-2010
pecheneg
Trending Topics
NBA
Anime
Harry Potter
Disney
Crossword
Marvel
Kpop
The Office
NFL
WWE
Puzzle
Pokémon
Song
Country
Soccer
Your Account Isn't Verified!
In order to create a playlist on Sporcle, you need to verify the email address you used during registration. Go to your
Sporcle Settings
to finish the process.
Report this User
Report this user for behavior that violates our
Community Guidelines
.
Details:
Send Report
Go to the Sporcle.com Mobile Site →
Comments